000 00387nam a22001337a 4500
005 20251108173048.0
008 250721s1995 xx 000 0 ara d
100 1 _aالعتوم، شفيق
245 1 0 _aالأساليب الإحصائية /
264 1 _aعمان :
_bدار المناهج للنشر و التوزيع،
_c1995.
300 _a
942 _2ddc
_cBK
999 _c95184
_d95184